000 00778cam a2200265 a 4500
001 000003947
003 DO-SdBNP
005 20220926153320.0
007 ta
008 980319s2000 sp 001 f spa
020 _a8401013445
040 _aDO-SdBNP
_bspa
_cBNPHU
082 4 _a813.54
_bS813un
_222
100 1 _aSteel, Danielle,
_d1947-
_910718
245 1 0 _aUna imagen en el espejo /
_cDanielle Steel ; Traducción Melissa Arcos.
260 _aBarcelona :
_bPlaza & Janés,
_c2000.
300 _a426 p. ;
_c25 cm.
534 _pTítulo original:
_tMirror image
590 _aInventariado, 2022 / DG
650 4 _aNovela estadounidense
_9262
650 4 _aLiteratura estadounidense
_9263
700 1 _aArcos, Melissa,
_etr.
_911877
910 _aDG
942 _2ddc
_cLBS1
999 _c3766
_d3766